Spektr

Podrobná bibliografia
Predchádzajúci názov:Družba
Médium: Časopis
Jazyk:ruština
Fyzický popis:2 zv. 30 cm
Vydavateľské údaje: Bratislava Slovenské pedagogické nakladateľstvo 1991-1993
Predmet:

MARC

LEADER 00000cas a2200000 a 4500
001 vtls008883927
003 SK-MaSNL
005 20260228162219.0
008 141119d19911993xo mr|p 0 0 c0rus c
035 |a (SVKBB03)vtls000141764 
040 |a SVKBB  |b slo  |c SVKBB  |d SNK  |e AACR2 
041 0 |a rus 
044 |a xo  |c SK 
072 7 |a 811.161.1  |x Ruština  |2 konspekt 
072 7 |a 81  |x Lingvistika. Jazyky  |2 konspekt 
080 |a 050  |2 2001 
080 |a 811.161.1  |2 2001 
080 |a 81.24  |2 2001 
080 |a (051.053.6)  |2 2001 
245 0 0 |a Spektr 
260 |a Bratislava  |b Slovenské pedagogické nakladateľstvo  |c 1991-1993 
300 |a 2 zv.  |c 30 cm 
310 |a 1x mesačne 
362 0 |a 1 (sent. 1991/92)-10 (ijun' 1992/93) 
500 |a Podnázov: od 1/1992-1993, časopis pre záujemcov o ruský jazyk 
500 |a Podnázov tir.: mesačník na pomoc vyučovaniu ruského jazyka pre žiakov ZŠ, gymnázií, stredných odborných škôl a SOU 
650 0 7 |a ruština  |2 SNKPH  |9 1346 
650 0 7 |a ruská literatúra  |2 SNKPH  |9 1204 
650 0 7 |a vyučovanie jazykov  |2 SNKPH  |9 31418 
655 7 |a časopisy pre mládež  |2 SNKPH  |9 70792 
780 0 0 |t Družba  |w vtls010301184 
852 |a Štátna vedecká knižnica v Banskej Bystrici 
910 |a snk 
916 |a 1992-1993 
999 |c 7158  |d 9088 
952 |0 0  |1 0  |4 0  |7 0  |a SNK  |b SNK  |d 2014-10-29  |f 1  |i snkČSP 791/94  |l 0  |o snkČSB 649/2[42]\1992-1993  |p 17A1046981  |r 2026-02-21 19:45:15  |t č. 1-10  |w 2026-02-21  |y PREZ 
952 |0 0  |1 0  |4 0  |7 0  |a SNK  |b SNK  |d 2014-10-29  |i snkČSP 792/94  |l 0  |o snkČSB 649/2[42]\1992-1993 D1  |p 17A1046982  |r 2026-02-21 19:45:15  |t č. 1-10  |w 2026-02-21  |y PREZ 
952 |0 0  |1 0  |4 0  |7 0  |a SNK  |b SNK  |d 2014-10-29  |f 1  |i snkČSP 716/93  |l 0  |o snkČSB 649/1[41]\1991-1992  |p 17A0999017  |r 2026-02-21 19:53:32  |t č. 1-10  |w 2026-02-21  |y PREZ